000 02182cam a2200265 i 4500
001 a46456103
003 SIRSI
005 20250411082059.0
008 231020s2025 maua b 001 0 eng
010 _a 2023048902
020 _a9780262549431
035 _a(OCoLC)1412042384
040 _aDLC
_beng
_erda
_cDLC
_dOCLCO
_dOCLCF
_dIG#
_dYDX
_dUtOrBLW
042 _apcc
050 0 0 _aP115
_b.G386 2025
100 _aGardner-Chloros, Penelope
_eauthor
_925155
245 1 0 _aBilingualism
_c/ Penelope Gardner-Chloros.
260 _aCambridge, MA :
_bThe MIT Press,
_c2025.
300 _a237 pages :
_billustrations ;
_c18 cm.
490 _aThe MIT Press essential knowledge series
504 _aIncludes bibliographical references and index.
520 _aNearly half the world's people are bilingual, but many have no clear understanding of what—aside from being fluent in more than one language—bilingualism means. This lively introduction by linguist Penelope Gardner-Chloros covers everything a bilingual (or curious monolingual) individual might want to know. The book discusses how bilingualism affects brain development and performance in the young and old, its social and political significance throughout time and around the globe, and how people experience and describe it. Gardner-Chloros looks at how both children and adults, become bilingual, how this affects learning, and what it means to be a bilingual family or family member. Drawing on the latest research, she offers a comprehensive but accessible account of the cognitive effects of bilingualism, and how the bilingual brain differs from the monolingual one. With the help of real examples, she outlines the impact of bilingualism on everyday speech and writing, from formal literature to social media, and lets speakers of various languages and backgrounds describe, in their own words, their experience of bilingualism and its impact on their lives. Informative, engaging, and wide-ranging, Bilingualism is the indispensable resource on a common but little understood phenomenon of far-reaching personal, social, political, and historical significance.
650 0 _aBilingualism
_925156
942 _2lcc
999 _c4641
_d4641